| 000 | 00898cam a22002291 4500 | ||
|---|---|---|---|
| 001 | agr06001606 | ||
| 003 | DLC | ||
| 005 | 20260227110924.0 | ||
| 008 | 860204s1905 gw b 000 0 ger | ||
| 010 | _aagr06001606 | ||
| 035 | _a(OCoLC)13106238 | ||
| 040 |
_aDLC _cCU _dDLC |
||
| 043 | _ae-gx--- | ||
| 050 | 0 | 0 |
_aS573 _b.S38 |
| 100 | 1 |
_aSchwonder, Adolf Ferdinand Paul Kurt, _d1879- |
|
| 245 | 1 | 4 |
_aDie landwirtschaftlichen betriebssysteme. _bEine kritik der verschiedenen einteilungen und vorschläge zu einer neueinteilung, begründet durch die wirtschaftsweise auf dem gute Wermten und der herrschaft Friedrichstein ... |
| 260 |
_aKönigsberg i. Pr., _bBuchdruckerei R. Leupold, _c1905. |
||
| 300 |
_a2 p.l., 140 p., 2 l. _b2 fold, diagr. _c22 cm. |
||
| 502 | _aInaug.-diss.--Königsberg. | ||
| 504 | _a"Benutzte literatur": p. 138-140. | ||
| 650 | 0 |
_aAgriculture _xEconomic aspects _zGermany. |
|
| 999 |
_c7350 _d7350 |
||